skbl

Dr Suryya Kumar Bhuyan Library Web-OPAC
ডঃ সূৰ্য্য
কুমাৰ ভূঞা পুথিভঁৰাল ৱেব-অ'পেক

All Research Scholars are advised to clear the annual library fees to continue using Library Resources, Remote Access, Plagiarism Test and Library Clearance.

Cotton University Book Fair 2026

Partial Differential Equations / (Record no. 3764)

MARC details
000 -LEADER
fixed length control field 00936nam a2200361Ia 4500
001 - CONTROL NUMBER
control field 3776
005 - DATE AND TIME OF LATEST TRANSACTION
control field 20240113233652.0
007 - PHYSICAL DESCRIPTION FIXED FIELD--GENERAL INFORMATION
fixed length control field ta
008 - FIXED-LENGTH DATA ELEMENTS--GENERAL INFORMATION
fixed length control field 050603s 198 g b000 u eng u
020 ## - INTERNATIONAL STANDARD BOOK NUMBER
International Standard Book Number 0-85226-722-3
040 ## - CATALOGING SOURCE
Original cataloging agency Cotton College,Assam
041 ## - LANGUAGE CODE
Language code of text/sound track or separate title eng
082 ## - DEWEY DECIMAL CLASSIFICATION NUMBER
Classification number 515.33
Item number Pr 886 Pa
100 ## - MAIN ENTRY--PERSONAL NAME
Personal name Prasad, Phoolan .
245 #0 - TITLE STATEMENT
Title Partial Differential Equations /
Statement of responsibility, etc. Phoolan Prasad and Renuka Ravindran.
Medium Textual Documents
250 ## - EDITION STATEMENT
Edition statement 1st ed. /
260 ## - PUBLICATION, DISTRIBUTION, ETC.
Place of publication, distribution, etc. New Delhi :
Name of publisher, distributor, etc. Wiley Eastern ,
Date of publication, distribution, etc. C 1985.
300 ## - PHYSICAL DESCRIPTION
Extent xi, 252p. ;
Dimensions 24cm.
504 ## - BIBLIOGRAPHY, ETC. NOTE
Bibliography, etc. note Index
653 ## - INDEX TERM--UNCONTROLLED
Uncontrolled term Mathematics
653 ## - INDEX TERM--UNCONTROLLED
Uncontrolled term Differential Equations
653 ## - INDEX TERM--UNCONTROLLED
Uncontrolled term PG-Mathematics
653 ## - INDEX TERM--UNCONTROLLED
Uncontrolled term G-Mathematics
700 ## - ADDED ENTRY--PERSONAL NAME
Personal name Ravindran, Renuka .
942 ## - ADDED ENTRY ELEMENTS (KOHA)
Source of classification or shelving scheme Dewey Decimal Classification
Koha item type Books
Holdings
Withdrawn status Lost status Damaged status Not for loan Collection Home library Current library Date acquired Coded location qualifier Total checkouts Full call number Barcode Date last seen Copy number Price effective from Koha item type
          Dr. Suryya Kumar Bhuyan Library Dr. Suryya Kumar Bhuyan Library 01/02/2012 00000   515.33 Pr 886 Pa 81992 13/01/2024 3 01/02/2012 Books
          Dr. Suryya Kumar Bhuyan Library Dr. Suryya Kumar Bhuyan Library 01/02/2012 00000   515.33 Pr 886 Pa 1122/Math 13/01/2024 1 01/02/2012 Books
          Dr. Suryya Kumar Bhuyan Library Dr. Suryya Kumar Bhuyan Library 01/02/2012 00000   515.33 Pr 886 Pa 1123/Math 13/01/2024 2 01/02/2012 Books
          Dr. Suryya Kumar Bhuyan Library Dr. Suryya Kumar Bhuyan Library 01/02/2012 00000   515.33 Pr 886 Pa 326/Math 13/01/2024 6 01/02/2012 Books
          Dr. Suryya Kumar Bhuyan Library Dr. Suryya Kumar Bhuyan Library 01/02/2012 00000   515.33 Pr 886 Pa 777/Math 13/01/2024 5 01/02/2012 Books
          Dr. Suryya Kumar Bhuyan Library Dr. Suryya Kumar Bhuyan Library 01/02/2012 00000   515.33 Pr 886 Pa 81991 13/01/2024 4 01/02/2012 Books

Designed and Maintained by Team SKBL
©1901-2026

Powered by Koha